Name a country that... #7 - Statistics

General Stats
  • This quiz has been taken 57 times
  • The average score is 7 of 7
Answer Stats
Name a country that... # of correct options countries % Correct
borders Switzerland 5 Italy/France/Germany/Liechtenstein/Austria
100%
starts with the letter J 3 Japan/Jamaica/Jordan
100%
was a part of the Soviet Union in 1950 15 Russia/Ukraine/Belarus/Uzbekistan/Kazakhstan/Georgia/Azerbaijan/Lithuania/ Moldova/Tajikistan/Kyrgyzstan/Latvia/Armenia/ Turkmenistan/Estonia
100%
has only green and red and white on their flag 12 Italy/Hungary/Bulgaria/Mexico/Lebanon/Iran/Algeria/Belarus/Burundi/Madagascar/Maldives/ Oman.
98%
who's capital starts with the letter V 7 Laos/Austria/Liechtenstein/Lithuania/Malta/Seychelles/Vatican City
98%
is in the Caribbean whose name starts with "Saint" 3 Saint Kitts and Nevis/Saint Lucia/Saint Vincent and the Grenadines
96%
borders both the Indian Ocean and the Pacific Ocean 5 Australia/East Timor/Indonesia/Malaysia/Thailand
92%
No matching quizzes found
Score Distribution
Percent of People with Each Score
Percentile by Number Answered
Your Score History
You have not taken this quiz